| 000 | 00804nam a2200253 a 4500 | ||
|---|---|---|---|
| 001 | 59554 | ||
| 003 | BD-RjUL | ||
| 005 | 20211209080738.0 | ||
| 008 | 161226s1967 enkabcf b 001 0 eng | ||
| 035 | _a(BD-RjUL)59678 | ||
| 040 |
_aBD-RjUL _cBD-RjUL _dBD-RjUL _beng |
||
| 041 | _aeng | ||
| 082 |
_223 _a909.82 _bREA 1968 |
||
| 100 | 1 |
_aRees, David, _d1928- _9177137 |
|
| 245 | 1 | 4 |
_aThe age of containment : _bthe Cold War, 1945-1965 / |
| 260 |
_aLondon : _bMacmillan; _cc1967 [reprinted 1968] |
||
| 300 |
_axi, 156 p. : _bill. ; _c21 cm. |
||
| 490 | 1 | _aThe Making of the twentieth century | |
| 504 | _aBibliography: p. 138-149. and index | ||
| 650 | 0 |
_aHistory, Modern _y1945-1989. _9177138 |
|
| 650 | 0 |
_aCommunist strategy. _9177139 |
|
| 830 | 0 |
_aMaking of the 20th century. _9177140 |
|
| 942 |
_2ddc _cBK |
||
| 999 |
_c59554 _d59554 |
||